Rodina
| New Title: | Tvoja rodina |
|---|---|
| Format: | Journal |
| Language: | Slovak |
| PhysicalDescription: | 31 zv. 28 cm |
| Published: |
Bratislava
Pravda
1970-2001
Bratislava Slovakopress Euroskop |
| ISSN: | 1335-4639 |
| Subjects: |
MARC
| LEADER | 00000cas a2200000 a 4500 | ||
|---|---|---|---|
| 001 | vtls001349505 | ||
| 003 | SK-MaSNL | ||
| 005 | 20260228160104.0 | ||
| 008 | 981125d19702001xo mr p 0 0b0slo | ||
| 022 | |a 1335-4639 | ||
| 035 | |a SNK000302815 | ||
| 040 | |a SNK |b slo |c SNK |e AACR2 | ||
| 041 | 0 | |a slo | |
| 044 | |a xo |c SK | ||
| 072 | 7 | |a 17 |x Etika. Morálna filozofia |2 konspekt | |
| 072 | 7 | |a 316.8 |x Manželstvo a rodina. Sexuálne vzťahy |2 konspekt | |
| 072 | 7 | |a 392 |x Zvyky, mravy, obyčaje v súkromnom živote |2 konspekt | |
| 080 | |a 173 |2 2011 | ||
| 080 | |a 316.356.2 |2 2011 | ||
| 080 | |a 392.3 |2 2011 | ||
| 080 | |a 316.362 |2 2011 | ||
| 080 | |a 050 |2 2011 | ||
| 080 | |a 314/316(051) |2 2011 | ||
| 210 | 0 | |a Rodina |b (Bratisl.) | |
| 222 | 0 | |a Rodina |b (Bratislava) | |
| 245 | 0 | 0 | |a Rodina |
| 260 | |a Bratislava |b Pravda |c 1970-2001 | ||
| 260 | 2 | |3 1991-1993 |a Bratislava |b Slovakopress | |
| 260 | 3 | |3 1994-2001 $a Bratislava |b Euroskop | |
| 300 | |a 31 zv. |c 28 cm | ||
| 310 | |a 12x ročne |b 1994-2001 | ||
| 310 | |a 8x ročne |b 1993 | ||
| 321 | |a 6x ročne |b 1970-1992 | ||
| 362 | 0 | |a Roč. 1 (1970)-roč. 31 (2001) |z SKP | |
| 500 | |a Podnázov v r.1991-1993: malá záujmová encyklopédia | ||
| 500 | |a Podnázov v r.1994-1997: magazín týždenníka Život pre hobby, voľný čas a oddych | ||
| 500 | |a Podnázov sa mení: magazín praktickej ženy | ||
| 500 | |a ISSN/2018 uvádza zánik periodika v r.2004 | ||
| 650 | 0 | 7 | |a rodina |2 SNKPH |9 4138 |
| 655 | 7 | |a spoločenské časopisy |2 SNKPH |9 70515 | |
| 785 | 0 | 0 | |t Tvoja rodina |
| 910 | |a snk | ||
| 999 | |c 1399 |d 3329 | ||
| 952 | |0 0 |1 0 |4 0 |7 0 |8 0 |a SNK |b SNK |d 1999-12-17 |l 0 |o snkČSB 1982/26[25]/1994 D1 |p 17A0221351 |r 2005-01-02 00:00:00 |t č. 1-12 |w 2026-02-21 |y PREZ | ||
| 952 | |0 0 |1 0 |4 0 |7 0 |a SNK |b SNKPULT |d 2022-07-06 |i snkČSP 445/73 |l 1 |o snkČSB 1982/2/1971 D1 |p 17A1348616 |q 2025-10-03 |r 2026-02-28 18:21:49 |s 2026-02-28 |t č. 1-6 |w 2026-02-21 |y PREZ | ||
| 952 | |0 0 |1 0 |4 0 |7 0 |a SNK |b SNK |d 2022-07-06 |i snkČSP 508/74 |l 0 |o snkČSB 1982/3/1972 D1 |p 17A1348615 |r 2026-02-21 20:02:38 |t č. 1-6 |w 2026-02-21 |y PREZ | ||
| 952 | |0 0 |1 0 |4 0 |7 0 |a SNK |b SNK |d 2022-07-06 |i snkČSP 561/74 |l 0 |o snkČSB 1982/4/1973 D1 |p 17A1348614 |r 2026-02-21 20:02:38 |t č. 1-6 |w 2026-02-21 |y PREZ | ||
| 952 | |0 0 |1 0 |4 0 |7 0 |a SNK |b SNK |d 2022-07-06 |i snkČSP 560/74 |l 0 |o snkČSB 1982/4/1973 D2 |p 17A1348613 |r 2026-02-21 20:02:39 |t č. 1-6 |w 2026-02-21 |y PREZ | ||
| 952 | |0 0 |1 0 |4 0 |7 0 |a SNK |b SNK |d 1998-11-05 |l 0 |o snkČSB 1982/27/26/1995 D1 |p 17A0167628 |r 2005-01-02 00:00:00 |t č. 1-12 |w 2026-02-21 |y PREZ | ||
| 952 | |0 0 |1 0 |4 0 |7 0 |a SNK |b SNK |d 2003-09-08 |i snkČSP 1511/95 |l 0 |o snkČSB 1982/26/1994 |p 17A0397320 |r 2005-01-02 00:00:00 |t č. 1-12 |w 2026-02-21 |y PREZ |z č. 1-12 | ||
| 952 | |0 0 |1 0 |4 0 |7 0 |a SNK |b SNK |d 2007-11-12 |i snkČSP 2004/1870 |l 0 |o snkČSB 1982/2000 |p 17A0565751 |r 2026-02-21 20:21:26 |t č. 1-12 |w 2026-02-21 |y PREZ | ||
| 952 | |0 0 |1 0 |4 0 |7 0 |a SNK |b SNK |d 1997-11-05 |l 0 |o snkČSB 1982/22/1991 |p 17A0105677 |r 2005-01-02 00:00:00 |t č. 1-6 |w 2026-02-21 |y PREZ | ||
| 952 | |0 0 |1 0 |4 0 |7 0 |a SNK |b SNK |d 1997-12-01 |l 0 |o snkČSB 1982/23/1992 |p 17A0111652 |r 2005-01-02 00:00:00 |t č. 1-6 |w 2026-02-21 |y PREZ | ||
| 952 | |0 0 |1 0 |4 0 |7 0 |a SNK |b SNK |d 1997-12-08 |l 0 |o snkČSB 1982/23/1992 D1 |p 17A0111972 |r 2005-01-02 00:00:00 |t č. 1-6 |w 2026-02-21 |y PREZ | ||
| 952 | |0 0 |1 0 |4 0 |7 0 |a SNK |b SNK |d 2000-09-08 |l 0 |o snkČSB 1982/29/1997 D1 |p 17A0250635 |r 2005-01-02 00:00:00 |t č. 1-12 |w 2026-02-21 |y PREZ | ||
| 952 | |0 0 |1 0 |4 0 |7 0 |a SNK |b SNK |d 2012-07-19 |l 0 |o snkČSB 1982/3/1972 |p 17A0770668 |r 2026-02-21 20:40:46 |t č. 1-6 |w 2026-02-21 |y PREZ | ||
| 952 | |0 0 |1 0 |4 0 |7 0 |a SNK |b SNK |d 2012-07-19 |i snkČSP 562/74 |l 0 |o snkČSB 1982/4/1973 |p 17A0770670 |r 2026-02-21 20:40:46 |t č. 1-6 |w 2026-02-21 |y PREZ | ||
| 952 | |0 0 |1 0 |4 0 |7 0 |a SNK |b SNK |d 1998-03-17 |l 0 |o snkČSB 1982/24/1993 D1 |p 17A0129504 |r 2005-01-02 00:00:00 |t č. 1-8 |w 2026-02-21 |y PREZ | ||
| 952 | |0 0 |1 0 |4 0 |7 0 |a SNK |b SNK |d 1998-11-25 |l 0 |o snkČSB 1982/20/1989 |p 17A0170957 |r 2005-01-02 00:00:00 |t č. 1-6 |w 2026-02-21 |y PREZ | ||
| 952 | |0 0 |1 0 |4 0 |7 0 |a SNK |b SNK |d 2002-06-10 |l 0 |o snkČSB 1982/1/1970 |p 17A0344229 |r 2005-01-02 00:00:00 |t č. 1-4 |w 2026-02-21 |y PREZ | ||
| 952 | |0 0 |1 0 |4 0 |7 0 |a SNK |b SNK |d 2002-11-21 |l 0 |o snkČSB 1982/2/1971 |p 17A0364989 |r 2005-01-02 00:00:00 |t č. 1-6 |w 2026-02-21 |y PREZ | ||
| 952 | |0 0 |1 0 |4 0 |7 0 |a SNK |b SNK |d 2003-06-07 |i snkČSP 885/83 |l 0 |o snkČSB 1982/13/1982 |p 17A0386105 |r 2005-01-02 00:00:00 |t č. 1-6 |w 2026-02-21 |y PREZ | ||
| 952 | |0 0 |1 0 |4 0 |7 0 |a SNK |b SNK |d 2003-09-08 |i snkČSP 1509/95 |l 0 |o snkČSB 1982/24/1993 |p 17A0397319 |r 2005-01-02 00:00:00 |t č. 1-8 |w 2026-02-21 |y PREZ | ||
| 952 | |0 0 |1 0 |4 0 |7 0 |a SNK |b SNK |d 2003-09-08 |i snkČSP 2433/99 |l 0 |o snkČSB 1982/29/1997 |p 17A0397307 |r 2005-01-02 00:00:00 |t č. 1-12 |w 2026-02-21 |y PREZ |z č. 1-12 | ||
| 952 | |0 0 |1 0 |4 0 |7 0 |a SNK |b SNK |d 2003-09-08 |i snkČSP 2431/99 |l 0 |o snkČSB 1982/30/1998 |p 17A0397308 |r 2005-01-02 00:00:00 |t č. 1-12 |w 2026-02-21 |y PREZ |z č. 1-12 | ||
| 952 | |0 0 |1 0 |4 0 |7 0 |a SNK |b SNK |d 2003-09-09 |i snkČSP 934/81 |l 0 |o snkČSB 1982/11/1980 |p 17A0394556 |r 2005-01-02 00:00:00 |t č. 1-6 |w 2026-02-21 |y PREZ | ||
| 952 | |0 0 |1 0 |4 0 |7 0 |a SNK |b SNK |d 2003-09-09 |i snkČSP 773/82 |l 0 |o snkČSB 1982/12/1981 D1 |p 17A0394622 |r 2005-01-02 00:00:00 |t č. 1-6 |w 2026-02-21 |y PREZ | ||
| 952 | |0 0 |1 0 |4 0 |7 0 |a SNK |b SNK |d 2003-09-09 |i snkČSP 886/83 |l 0 |o snkČSB 1982/13/1982 D1 |p 17A0394522 |r 2005-01-02 00:00:00 |t č. 1-6 |w 2026-02-21 |y PREZ | ||
| 952 | |0 0 |1 0 |4 0 |7 0 |a SNK |b SNK |d 2003-09-09 |i snkČSP 822/84 |l 0 |o snkČSB 1982/14/1983 D1 |p 17A0394621 |r 2005-01-02 00:00:00 |t č. 1-6 |w 2026-02-21 |y PREZ | ||
| 952 | |0 0 |1 0 |4 0 |7 0 |a SNK |b SNK |d 2003-09-09 |i snkČSP 566/85 |l 0 |o snkČSB 1982/15/1984 D1 |p 17A0394623 |r 2005-01-02 00:00:00 |t č. 1-6 |w 2026-02-21 |y PREZ |z č. 1 - 6 | ||
| 952 | |0 0 |1 0 |4 0 |7 0 |a SNK |b SNK |d 2003-09-09 |i snkČSP 2071/86 |l 0 |o snkČSB 1982/16/1985 D1 |p 17A0394880 |r 2005-01-02 00:00:00 |t č. 1-6 |w 2026-02-21 |y PREZ | ||
| 952 | |0 0 |1 0 |4 0 |7 0 |a SNK |b SNK |d 2003-09-09 |i snkČSP 1985/87 |l 0 |o snkČSB 1982/17/1986 |p 17A0394620 |r 2005-01-02 00:00:00 |t č. 1-6 |w 2026-02-21 |y PREZ | ||
| 952 | |0 0 |1 0 |4 0 |7 0 |a SNK |b SNK |d 2003-09-09 |i snkČSP 2496/88 |l 0 |o snkČSB 1982/18/1987 D1 |p 17A0397341 |r 2005-01-02 00:00:00 |t č. 1-6 |w 2026-02-21 |y PREZ | ||
| 952 | |0 0 |1 0 |4 0 |7 0 |a SNK |b SNK |d 2003-09-09 |i snkČSP 4334/89 |l 0 |o snkČSB 1982/19/1988 D1 |p 17A0394930 |r 2005-01-02 00:00:00 |t č. 1-6 |w 2026-02-21 |y PREZ | ||
| 952 | |0 0 |1 0 |4 0 |7 0 |a SNK |b SNK |d 2003-09-09 |i snkČSP 4034/90 |l 0 |o snkČSB 1982/20/1989 D1 |p 17A0397342 |r 2005-01-02 00:00:00 |t č. 1-6 |w 2026-02-21 |y PREZ | ||
| 952 | |0 0 |1 0 |4 0 |7 0 |a SNK |b SNK |d 2003-09-09 |i snkČSP 334/92 |l 0 |o snkČSB 1982/21/1990 D1 |p 17A0390186 |r 2005-01-02 00:00:00 |t č. 1-6 |w 2026-02-21 |y PREZ | ||
| 952 | |0 0 |1 0 |4 0 |7 0 |a SNK |b SNK |d 2003-09-09 |i snkČSP 2424/93 |l 0 |o snkČSB 1982/22/1991 D1 |p 17A0390185 |r 2005-01-02 00:00:00 |t č. 1-6 |w 2026-02-21 |y PREZ | ||
| 952 | |0 0 |1 0 |4 0 |7 0 |a SNK |b SNK |d 1999-05-10 |l 0 |o snkČSB 1982/27[26]/1995 |p 17A0193757 |r 2005-01-02 00:00:00 |t č. 1-12 |w 2026-02-21 |y PREZ | ||
| 952 | |0 0 |1 0 |4 0 |7 0 |a SNK |b SNK |d 1999-05-11 |l 0 |o snkČSB 1982/28/27/1996 |p 17A0193656 |r 2005-01-02 00:00:00 |t č. 1-12 |w 2026-02-21 |y PREZ | ||
| 952 | |0 0 |1 0 |4 0 |7 0 |a SNK |b SNK |d 1999-06-25 |l 0 |o snkČSB 1982/28/27/1996 D1 |p 17A0199534 |r 2005-01-02 00:00:00 |t č. 1-12 |w 2026-02-21 |y PREZ | ||
| 952 | |0 0 |1 0 |4 0 |7 0 |a SNK |b SNK |d 2019-08-27 |i snkČSP 438/72 |l 0 |o snkČSB 1982/1/1970 D1 |p 17A1347142 |r 2026-02-21 22:29:02 |t č. 1-4 |w 2026-02-21 |y PREZ | ||


